=LDR 00000nam 2200000 4500 =001 NUTBA000000000001809 =005 20140519155953.0 =006 =007 =008 =020 ##$$a 979-9910-36-6 =035 ##$$a 0010-051400000000274 =040 ##$$a NBPDMAT =082 ##$$a 745.5 =090 ##$$a 745.5 $b End a =100 ##$$a Endyah Murniati =245 ##$$a Aneka usaha kecil / $c Endyah Murniati ; editor, Raras Puspaningrum =250 ##$$a Cet. 1 =260 ##$$a Surabaya : $b Intelectual Club, $c 2007 =300 ##$$a iv, 28 hlm : $b ilus. ; $c 21 cm. =650 ##$$a Kerajinan tangan =990 ##$$a 21400237 =990 ##$$a 21400524/BPAP-NTB/2014 =990 ##$$a 21400613/BPAP-NTB/20142014 =990 ##$$a 21400613/BPAP-NTB/20142014